000 00507nam a22001937a 4500
003 KOHA_MİRAKIL
005 20240930101037.0
008 240929b2022 tu ||||| |||| 00| 0 tur d
020 _a9786053160076
040 _aTR-AnABB
_btur
_cTR-AnABB
041 _atur
082 _a155.2
_bPHI 2022
100 _aPhillips, Adam.
245 0 _aKaçırdıklarımız /
_cAdam Phillips.
260 _aİstanbul :
_bMetis,
_c2022.
300 _a161 sayfa ;
_c20 cm.
650 _aBirey psikolojisi
942 _2ddc
_cBK
999 _c3169
_d3169